[Event "POL-chT 1st League"]
[Site "Sypniewo"]
[Date "2022.09.10"]
[Round "8.2"]
[White "Sendera, Jaroslaw"]
[Black "Olsen, Filip Boe"]
[Result "1-0"]
[WhiteElo "2231"]
[BlackElo "2446"]
[PlyCount "85"]
[EventDate "2022.09.03"]
[EventType "team-swiss"]
[EventRounds "9"]
[EventCountry "POL"]
[SourceTitle "CBM 210 Extra"]
[Source "ChessBase"]
[SourceDate "2022.11.30"]
[SourceVersion "1"]
[SourceVersionDate "2022.11.30"]
[SourceQuality "1"]
[WhiteTeam "Sedziszow Malopolski"]
[BlackTeam "Dabrowa Gornicza Zaglebie"]
[WhiteTeamCountry "POL"]
[BlackTeamCountry "POL"]

1. e4 c5 2. Nf3 d6 3. Bb5+ Nd7 4. 0-0 a6 5. Bd3 Ngf6 6. Re1 e6 7. c3 b5 8. Bc2 Bb7 9. d3 Be7 10. Nbd2 0-0 11. Nf1 Qc7 12. Ng3 Rfc8 13. h3 a5 14. Bd2 a4 15. a3 Bf8 16. Rc1 Nb6 17. Nh2 e5 18. Ng4 Nxg4 19. Qxg4 Re8 20. f4 Qd7 21. Nf5 Kh8 22. fxe5 dxe5 23. Qf3 g6 24. Nh6 f5 25. Bg5 f4 26. Kh2 Kg7 27. Ng4 Re6 28. g3 h5 29. Nf2 Bd6 30. Bb1 Rf8 31. gxf4 exf4 32. Rg1 Qe8 33. Rce1 Nd7 34. d4 Nf6 35. Bxf6+ Rexf6 36. Qxh5 Rh8 37. e5 Re6 38. Qg4 Bb8 39. Bf5 Rb6 40. Be4 Bc8 41. Qxf4 Qd7 42. Rg3 cxd4 43. Bxg6 1-0

[Event "POL-chT 2nd League"]
[Site "Jastrzebia Gora"]
[Date "2019.09.11"]
[Round "5.5"]
[White "Leskiewicz, Ignacy"]
[Black "Sendera, Jaroslaw"]
[Result "1/2-1/2"]
[WhiteElo "2116"]
[BlackElo "2203"]
[PlyCount "113"]
[EventDate "2019.09.07"]
[EventType "team-swiss"]
[EventRounds "9"]
[EventCountry "POL"]
[SourceTitle "EXT 2020"]
[Source "ChessBase"]
[SourceDate "2019.10.17"]
[SourceVersion "1"]
[SourceVersionDate "2019.10.17"]
[SourceQuality "1"]
[WhiteTeam "Konin UKS Smecz"]
[BlackTeam "Sedziszow Malopolski"]
[WhiteTeamCountry "POL"]
[BlackTeamCountry "POL"]

1. e4 c5 2. Nf3 Nc6 3. d4 cxd4 4. Nxd4 Qb6 5. Nb3 Nf6 6. Nc3 e6 7. Bd3 a6 8. 0-0 Qc7 9. f4 d6 10. a3 Be7 11. Be3 b5 12. Qf3 Bb7 13. Qh3 b4 14. Na4 bxa3 15. bxa3 g6 16. Nb6 Rb8 17. a4 0-0 18. a5 Nb4 19. f5 e5 20. fxg6 hxg6 21. Bh6 Rfe8 22. Rxf6 Bxf6 23. Nd7 Bg7 24. Bxg7 Kxg7 25. Nxb8 Rxb8 26. Rf1 Re8 27. Qf3 Qe7 28. Bc4 f6 29. c3 Rc8 30. Be2 Na2 31. c4 Nb4 32. h4 Nc6 33. Qf2 Nd8 34. Bd3 Ne6 35. g3 Nc5 36. Nxc5 Rxc5 37. h5 gxh5 38. Qf5 Qf7 39. Be2 Bc8 40. Qf2 Qg6 41. Bxh5 Qg5 42. Be2 Rxa5 43. Bf3 Rc5 44. Kg2 Rxc4 45. Rh1 Rc7 46. Rd1 a5 47. Rxd6 a4 48. Qa2 Qc1 49. Bd1 a3 50. Qf2 Qg5 51. Bb3 Rb7 52. Qc2 Qg4 53. Qc4 Qh3+ 54. Kf2 Qh2+ 55. Kf3 Qh1+ 56. Kf2 Qh2+ 57. Kf3 1/2-1/2

[Event "POL-chT3 Podkarpackie"]
[Site "Czudec"]
[Date "2016.06.18"]
[Round "7.7"]
[White "Zaskalski, Pawel"]
[Black "Sendera, Jaroslaw"]
[Result "0-1"]
[WhiteElo "2160"]
[BlackElo "2290"]
[PlyCount "80"]
[EventDate "2016.05.27"]
[EventType "team-tourn"]
[EventRounds "9"]
[EventCountry "POL"]
[SourceTitle "EXT 2018"]
[Source "ChessBase"]
[SourceDate "2017.10.13"]
[SourceVersion "1"]
[SourceVersionDate "2017.10.13"]
[SourceQuality "1"]
[WhiteTeam "Mielec"]
[BlackTeam "Przemysl MKS Polonia"]
[WhiteTeamCountry "POL"]
[BlackTeamCountry "POL"]

1. d4 Nf6 2. c4 g6 3. Nc3 Bg7 4. e4 d6 5. Nf3 0-0 6. Be2 Nbd7 7. 0-0 e5 8. Be3 Re8 9. d5 Nh5 10. Qd2 a5 11. a3 Nc5 12. Bxc5 dxc5 13. Ne1 Nf4 14. Nd3 Qg5 15. Nxf4 exf4 16. Bf3 Be5 17. Rfe1 Qf6 18. Rac1 Kg7 19. Rc2 h5 20. Qe2 Bd7 21. Qd1 Ra6 22. Qd2 Rh8 23. Nb5 g5 24. Be2 g4 25. Bf1 f3 26. Qe3 b6 27. d6 c6 28. Nc3 Raa8 29. Kh1 Rh6 30. Na4 Rb8 31. Bd3 fxg2+ 32. Kxg2 h4 33. Kh1 Qe6 34. Rg1 Bxh2 35. Rg2 Bf4 36. Qe2 g3 37. fxg3 hxg3+ 38. Kg1 Rbh8 39. Kf1 Rh1+ 40. Rg1 Rxg1+ 0-1

[Event "POL-chT 2nd League"]
[Site "Mrzezyno"]
[Date "2011.09.03"]
[Round "1"]
[White "Sendera, Jaroslaw"]
[Black "Rudolf, Michal"]
[Result "1/2-1/2"]
[WhiteElo "2318"]
[BlackElo "2384"]
[PlyCount "64"]
[EventDate "2011.09.03"]
[EventType "team-swiss"]
[EventRounds "9"]
[EventCountry "POL"]
[SourceTitle "EXT 2015"]
[Source "ChessBase"]
[SourceDate "2014.11.20"]
[SourceVersion "1"]
[SourceVersionDate "2014.11.20"]
[SourceQuality "1"]
[WhiteTeam "Przemysl MKS Polonia"]
[BlackTeam "Warszawa YMCA"]
[WhiteTeamCountry "POL"]
[BlackTeamCountry "POL"]

1. e4 c6 2. d4 d5 3. Nd2 dxe4 4. Nxe4 h6 5. Nf3 Bf5 6. Bd3 e6 7. 0-0 Nf6 8. Nxf6+ Qxf6 9. Bxf5 Qxf5 10. c4 Nd7 11. Re1 Be7 12. Ne5 Rd8 13. Qb3 Nxe5 14. Rxe5 Qf6 15. Be3 Rd7 16. Ra5 a6 17. d5 exd5 18. cxd5 0-0 19. dxc6 Qxc6 20. Rc1 Qf6 21. h3 Rfd8 22. Ra4 Bd6 23. Rac4 Qe6 24. Qc2 Be5 25. b3 Bb8 26. Rc8 Bd6 27. Rxd8+ Rxd8 28. Qc4 Qe5 29. Kf1 Ba3 30. Re1 Qd5 31. Qxd5 Rxd5 32. Ke2 Kf8 1/2-1/2

[Event "POL-chT 64th"]
[Site "Karpacz"]
[Date "2008.09.10"]
[Round "5"]
[White "Olszewski, Michal"]
[Black "Sendera, Jaroslaw"]
[Result "1-0"]
[WhiteElo "2458"]
[BlackElo "2340"]
[PlyCount "167"]
[EventDate "2008.09.06"]
[EventType "team-swiss"]
[EventRounds "9"]
[EventCountry "POL"]
[SourceTitle "EXT 2019"]
[Source "ChessBase"]
[SourceDate "2018.10.10"]
[SourceVersion "1"]
[SourceVersionDate "2018.10.10"]
[SourceQuality "1"]
[WhiteTeam "Warszawa Polonia"]
[BlackTeam "Rzeszow Zelmer"]
[WhiteTeamCountry "POL"]
[BlackTeamCountry "POL"]

1. d4 Nf6 2. c4 g6 3. Nc3 Bg7 4. e4 d6 5. Nf3 0-0 6. h3 Na6 7. Bg5 Qe8 8. g4 e5 9. d5 Nc5 10. Nd2 c6 11. b4 Na6 12. a3 Nc7 13. Rg1 Bd7 14. h4 cxd5 15. cxd5 Nb5 16. Bxb5 Bxb5 17. Qf3 Rc8 18. Nxb5 Qxb5 19. Bxf6 Rc2 20. Rd1 Rfc8 21. Bxg7 Kxg7 22. h5 R8c3 23. h6+ Kf8 24. Qf6 Qb6 25. Kf1 Ke8 26. Rg3 Rxg3 27. fxg3 Qa6+ 28. Ke1 Qxa3 29. Qf2 a6 30. Kf1 Qxb4 31. Kg2 a5 32. Kh3 a4 33. Qf6 Rxd2 34. Rf1 Qb2 35. Qxf7+ Kd8 36. Qf8+ Kc7 37. Rf7+ Kb6 38. Qxd6+ Ka7 39. Qc5+ Qb6 40. Qxb6+ Kxb6 41. Rxh7 a3 42. Rh8 Rd1 43. Ra8 Rh1+ 44. Kg2 Rxh6 45. Rxa3 Kc5 46. g5 Rh7 47. Kf3 b5 48. Ra6 Kd4 49. Rxg6 Rb7 50. Rh6 b4 51. Rh1 Rf7+ 52. Kg4 Kxe4 53. d6 b3 54. g6 Rd7 55. Kg5 Kf3 56. Rb1 e4 57. Rxb3+ e3 58. g4 Kf2 59. Kf5 e2 60. Rb2 Kf1 61. Rb1+ e1Q 62. Rxe1+ Kxe1 63. Ke6 Rg7 64. d7 Rxg6+ 65. Kf7 Rxg4 66. d8Q Rg2 67. Qd4 Rf2+ 68. Ke6 Rd2 69. Qc3 Ke2 70. Ke5 Rd3 71. Qc1 Re3+ 72. Kd4 Rf3 73. Ke4 Rf2 74. Qc4+ Kd2 75. Qd3+ Ke1 76. Qc3+ Ke2 77. Qc1 Rg2 78. Qc2+ Kf1 79. Qd1+ Kf2 80. Kf4 Rh2 81. Qd2+ Kg1 82. Qe1+ Kg2 83. Kg4 Rh8 84. Qd2+ 1-0

[Event "POL-chT 64th"]
[Site "Karpacz"]
[Date "2008.09.09"]
[Round "4"]
[White "Sendera, Jaroslaw"]
[Black "Pakleza, Zbigniew"]
[Result "0-1"]
[WhiteElo "2340"]
[BlackElo "2495"]
[PlyCount "100"]
[EventDate "2008.09.06"]
[EventType "team-swiss"]
[EventRounds "9"]
[EventCountry "POL"]
[SourceTitle "EXT 2019"]
[Source "ChessBase"]
[SourceDate "2018.10.10"]
[SourceVersion "1"]
[SourceVersionDate "2018.10.10"]
[SourceQuality "1"]
[WhiteTeam "Rzeszow Zelmer"]
[BlackTeam "Plock PTSz"]
[WhiteTeamCountry "POL"]
[BlackTeamCountry "POL"]

1. e4 e5 2. Nf3 d6 3. d4 exd4 4. Nxd4 Nf6 5. Nc3 Be7 6. Be2 0-0 7. 0-0 Re8 8. f4 Bf8 9. Bf3 c5 10. Nb3 Nc6 11. Re1 a5 12. Be3 Be6 13. Nd5 a4 14. Nd2 Bxd5 15. exd5 Nb4 16. Nf1 b5 17. c3 Na6 18. Ng3 Qb6 19. Qd2 Nc7 20. Bf2 Qb7 21. Rxe8 Rxe8 22. Rd1 Qc8 23. h3 g6 24. b3 Bh6 25. bxa4 bxa4 26. c4 Qa6 27. Qc3 Nd7 28. f5 Bg7 29. Qc2 Rb8 30. Rb1 Rb4 31. Be2 Qb6 32. Rxb4 Qxb4 33. Ne4 Be5 34. fxg6 hxg6 35. Ng5 a3 36. Bd3 Qb2 37. Qa4 Nf6 38. Nf3 Bc3 39. Bg3 Qxa2 40. Bxd6 Qa1+ 41. Kh2 Nce8 42. Bg3 a2 43. d6 Qb2 44. d7 Nxd7 45. Qxd7 Nf6 46. Qd8+ Kg7 47. Qe7 Ng8 48. Qd7 Qb6 49. Bd6 a1Q 50. Bxg6 Qaa7 0-1

[Event "POL-chT 64th"]
[Site "Karpacz"]
[Date "2008.09.07"]
[Round "2"]
[White "Sendera, Jaroslaw"]
[Black "Leniart, Arkadiusz"]
[Result "1/2-1/2"]
[WhiteElo "2340"]
[BlackElo "2391"]
[PlyCount "148"]
[EventDate "2008.09.06"]
[EventType "team-swiss"]
[EventRounds "9"]
[EventCountry "POL"]
[SourceTitle "EXT 2019"]
[Source "ChessBase"]
[SourceDate "2018.10.10"]
[SourceVersion "1"]
[SourceVersionDate "2018.10.10"]
[SourceQuality "1"]
[WhiteTeam "Rzeszow Zelmer"]
[BlackTeam "Wroclaw Polonia"]
[WhiteTeamCountry "POL"]
[BlackTeamCountry "POL"]

1. e4 e5 2. Nf3 Nc6 3. Bb5 a6 4. Ba4 Nf6 5. 0-0 Be7 6. Re1 b5 7. Bb3 d6 8. c3 0-0 9. d3 Na5 10. Bc2 c5 11. Nbd2 Nc6 12. Nf1 h6 13. Ne3 Re8 14. d4 exd4 15. cxd4 cxd4 16. Nxd4 Nxd4 17. Qxd4 Bf8 18. Bd2 Bb7 19. Nd5 Rc8 20. Nxf6+ Qxf6 21. Qxf6 gxf6 22. Bd3 d5 23. exd5 Bxd5 24. Rxe8 Rxe8 25. a4 Bb3 26. axb5 Rd8 27. bxa6 Rxd3 28. a7 Bd5 29. Be3 Kg7 30. Kf1 Bc4 31. Kg1 Bd5 32. Kf1 Ba8 33. Rc1 Rd8 34. Ke2 Bd6 35. g3 f5 36. Rc4 f4 37. Bxf4 Bxf4 38. Rxf4 Rd7 39. Ra4 Rb7 40. b4 Rd7 41. b5 Rd5 42. Rg4+ Kh7 43. Rb4 Bb7 44. b6 Rd6 45. a8Q Bxa8 46. b7 Bxb7 47. Rxb7 Kg7 48. Rb5 Rd4 49. h4 Ra4 50. Kf3 Kg6 51. g4 Ra3+ 52. Kf4 Ra4+ 53. Kg3 Ra3+ 54. f3 Ra4 55. Rb6+ Kg7 56. h5 Rc4 57. Rb5 Ra4 58. Rb3 Kf6 59. f4 Kg7 60. Rd3 Rb4 61. Re3 Rb5 62. Re5 Rb3+ 63. Kh4 Rb4 64. Rf5 Rb1 65. g5 Rh1+ 66. Kg4 Rg1+ 67. Kf3 Rh1 68. gxh6+ Kxh6 69. Rxf7 Rxh5 70. Ke4 Kg6 71. Rd7 Kf6 72. Rd6+ Ke7 73. Ra6 Rb5 74. f5 Rb1 1/2-1/2

[Event "POL-chT 64th"]
[Site "Karpacz"]
[Date "2008.09.06"]
[Round "1"]
[White "Gumula, Daniel"]
[Black "Sendera, Jaroslaw"]
[Result "1-0"]
[WhiteElo "2277"]
[BlackElo "2340"]
[PlyCount "143"]
[EventDate "2008.09.06"]
[EventType "team-swiss"]
[EventRounds "9"]
[EventCountry "POL"]
[SourceTitle "EXT 2019"]
[Source "ChessBase"]
[SourceDate "2018.10.10"]
[SourceVersion "1"]
[SourceVersionDate "2018.10.10"]
[SourceQuality "1"]
[WhiteTeam "Jaworzno JKSz MCKiS"]
[BlackTeam "Rzeszow Zelmer"]
[WhiteTeamCountry "POL"]
[BlackTeamCountry "POL"]

1. c4 g6 2. Nc3 Bg7 3. d4 c5 4. d5 Bxc3+ 5. bxc3 f5 6. Nf3 d6 7. h4 Nf6 8. Bh6 Qa5 9. Qc2 Nbd7 10. Nd2 Ne5 11. e3 Bd7 12. Be2 0-0-0 13. a4 Rhg8 14. Bf4 Nf7 15. Bg5 Rde8 16. Bxf6 exf6 17. g3 Re7 18. Kf1 Ne5 19. Kg2 Qc7 20. a5 Kb8 21. a6 b6 22. Rae1 Bc8 23. f4 Nf7 24. Kf2 Rge8 25. Bf3 Bxa6 26. h5 Bc8 27. hxg6 hxg6 28. Nb1 Rh8 29. Rxh8 Nxh8 30. Na3 Rh7 31. Nb5 Qe7 32. Qb1 g5 33. Rh1 g4 34. Bg2 Rxh1 35. Qxh1 Nf7 36. Qh7 Qf8 37. Bf1 a6 38. Na3 Nd8 39. Bd3 Qf7 40. Bxf5 Qxh7 41. Bxh7 Kc7 42. Bd3 Nf7 43. e4 Kd8 44. Ke3 Ke7 45. f5 Bd7 46. Be2 Ne5 47. Kf4 Ba4 48. Bxg4 b5 49. cxb5 axb5 50. Be2 b4 51. cxb4 cxb4 52. Nc4 Nxc4 53. Bxc4 Kf7 54. Ke3 Kg7 55. Kd2 Kh6 56. Kc1 Kg5 57. Be2 Bb3 58. Kb1 Ba4 59. Kb2 Kh6 60. Bd3 Kg5 61. Bc2 Bb5 62. Kb3 Kg4 63. Kxb4 Be8 64. Ba4 Bf7 65. Kb5 Kxg3 66. Kc6 Kf4 67. Kxd6 Kxe4 68. Bc2+ Kd4 69. Bb3 Bg8 70. Ke7 Bh7 71. d6 Bxf5 72. Be6 1-0

[Event "POL-chT1"]
[Site "Chotowa"]
[Date "2007.09.07"]
[Round "5"]
[White "Dobrowolski, Aleksander"]
[Black "Sendera, Jaroslaw"]
[Result "1-0"]
[WhiteElo "2338"]
[BlackElo "2334"]
[PlyCount "115"]
[EventDate "2007.09.03"]
[EventType "team"]
[EventRounds "9"]
[EventCountry "POL"]
[SourceTitle "EXT 2009"]
[Source "ChessBase"]
[SourceDate "2008.11.26"]
[SourceVersion "1"]
[SourceVersionDate "2008.11.26"]
[SourceQuality "1"]

1. e4 c5 2. Nf3 d6 3. d4 cxd4 4. Nxd4 Nf6 5. Nc3 Nc6 6. Bg5 e6 7. Qd2 Be7 8. 0-0-0 0-0 9. f4 Nxd4 10. Qxd4 Qa5 11. Bc4 Bd7 12. e5 dxe5 13. fxe5 Bc6 14. Bd2 Nd7 15. Nd5 Qd8 16. Nxe7+ Qxe7 17. Rhe1 Rfd8 18. Qg4 Nf8 19. Bd3 Rd5 20. Be4 Rdd8 21. Bb4 Rxd1+ 22. Rxd1 Qc7 23. Bd6 Qb6 24. Bxc6 Qxc6 25. Qf3 Qxf3 26. gxf3 Rd8 27. Rd4 f6 28. exf6 gxf6 29. Be5 Rd7 30. Bxf6 Rf7 31. Rg4+ Ng6 32. Bd4 a6 33. Re4 Rxf3 34. Rxe6 Rf1+ 35. Kd2 Rh1 36. Re2 Nf4 37. Rf2 Ne6 38. Be5 Ng5 39. Rg2 h6 40. Bf4 Kf7 41. c4 Ke6 42. Kc3 Kf5 43. Bxg5 hxg5 44. Kd4 Rc1 45. b3 g4 46. Kc5 b5 47. Kd5 bxc4 48. bxc4 Kf4 49. c5 Kf3 50. Rb2 a5 51. a4 Rd1+ 52. Ke6 Rd4 53. c6 Rxa4 54. Rc2 Re4+ 55. Kf7 Rf4+ 56. Kg7 g3 57. hxg3 Kxg3 58. c7 1-0

[Event "POL-chT1"]
[Site "Chotowa"]
[Date "2007.09.03"]
[Round "1"]
[White "Sendera, Jaroslaw"]
[Black "Miroslaw, Michal"]
[Result "1-0"]
[WhiteElo "2334"]
[BlackElo "2255"]
[PlyCount "129"]
[EventDate "2007.09.03"]
[EventType "team"]
[EventRounds "9"]
[EventCountry "POL"]
[SourceTitle "EXT 2009"]
[Source "ChessBase"]
[SourceDate "2008.11.26"]
[SourceVersion "1"]
[SourceVersionDate "2008.11.26"]
[SourceQuality "1"]

1. e4 e5 2. Nf3 Nc6 3. Bb5 Nge7 4. Nc3 g6 5. d4 exd4 6. Nd5 Nxd5 7. exd5 Qe7+ 8. Be2 Ne5 9. 0-0 Bg7 10. Nxd4 0-0 11. f4 Nc4 12. Bxc4 Qc5 13. c3 Qxc4 14. f5 f6 15. fxg6 hxg6 16. Qg4 Kf7 17. Bg5 Qxd5 18. Qh4 Rh8 19. Qf4 Qd6 20. Qxd6 cxd6 21. Nb5 Rf8 22. Bf4 b6 23. Rfe1 d5 24. Nd6+ Kg8 25. Rad1 Ba6 26. Rxd5 Rad8 27. c4 f5 28. b3 Bf6 29. a4 Bh4 30. Re2 Rf6 31. g3 Re6 32. Red2 Be7 33. Kf1 Bxd6 34. Rxd6 Kf7 35. Rxd7+ Rxd7 36. Rxd7+ Re7 37. Rd6 Bc8 38. Kf2 Rd7 39. Rxd7+ Bxd7 40. Ke3 Ke6 41. Kd4 Bc6 42. Bb8 a6 43. Ba7 b5 44. cxb5 axb5 45. a5 Bd5 46. b4 Bc4 47. h4 Kd6 48. Bb8+ Kc6 49. Ke5 Be2 50. Kf6 Bh5 51. g4 fxg4 52. Bg3 Kb7 53. Ke5 Kc6 54. Ke6 Kb7 55. Kd6 Ka6 56. Kc6 Ka7 57. Kxb5 g5 58. hxg5 Be8+ 59. Kc5 Ka6 60. Be1 Bg6 61. b5+ Ka7 62. Bf2 Bd3 63. Kb4+ Kb7 64. a6+ Kc7 65. b6+ 1-0

[Event "POL-chT 1st League"]
[Site "Opole"]
[Date "2006.09.04"]
[Round "3"]
[White "Sendera, Jaroslaw"]
[Black "Dudzinski, Pawel"]
[Result "1/2-1/2"]
[WhiteElo "2334"]
[BlackElo "2203"]
[PlyCount "78"]
[EventDate "2006.09.01"]
[EventType "team-tourn"]
[EventRounds "9"]
[EventCountry "POL"]
[SourceTitle "CBM 114 Extra"]
[Source "ChessBase"]
[SourceDate "2006.11.03"]
[SourceVersion "1"]
[SourceVersionDate "2006.11.03"]
[SourceQuality "1"]
[WhiteTeam "Rzeszow Zelmer"]
[BlackTeam "Ostrow Wielkopolski"]
[WhiteTeamCountry "POL"]
[BlackTeamCountry "POL"]

1. e4 c6 2. d4 d5 3. Nc3 g6 4. h3 Bg7 5. Nf3 Nh6 6. Bd3 0-0 7. 0-0 f6 8. Re1 Nf7 9. Bf1 e6 10. a4 a5 11. b3 Nd7 12. Ba3 Re8 13. exd5 exd5 14. Qd3 Bf8 15. Rxe8 Qxe8 16. Re1 Qd8 17. Bxf8 Nxf8 18. Qe3 Bf5 19. Bd3 Bxd3 20. Qxd3 Qd7 21. Qe3 Nd6 22. Qf4 Kg7 23. g4 Ne6 24. Qd2 g5 25. Nh2 Nf4 26. Re3 h5 27. Ne2 hxg4 28. Nxf4 gxf4 29. Re1 gxh3 30. Qxf4 Re8 31. Rxe8 Nxe8 32. Ng4 Kg6 33. Qh6+ Kf7 34. Qxh3 Ke7 35. Qf3 Qe6 36. Ne3 Nd6 37. Qg3 Kd7 38. Qg7+ Qe7 39. Qg4+ Qe6 1/2-1/2

[Event "POL-chT 1st League"]
[Site "Opole"]
[Date "2006.09.02"]
[Round "1"]
[White "Sendera, Jaroslaw"]
[Black "Strzemiecki, Zbigniew"]
[Result "1-0"]
[WhiteElo "2334"]
[BlackElo "2366"]
[PlyCount "43"]
[EventDate "2006.09.01"]
[EventType "team-tourn"]
[EventRounds "9"]
[EventCountry "POL"]
[SourceTitle "CBM 114 Extra"]
[Source "ChessBase"]
[SourceDate "2006.11.03"]
[SourceVersion "1"]
[SourceVersionDate "2006.11.03"]
[SourceQuality "1"]
[WhiteTeam "Rzeszow Zelmer"]
[BlackTeam "Poznan Pocztowiec"]
[WhiteTeamCountry "POL"]
[BlackTeamCountry "POL"]

1. e4 e6 2. d4 d5 3. Nc3 Bb4 4. Qd3 dxe4 5. Qxe4 Nf6 6. Qh4 Bd7 7. Bd2 Bc6 8. 0-0-0 Nbd7 9. f3 Nb6 10. Bd3 Qd7 11. Nge2 0-0-0 12. Kb1 Kb8 13. d5 Nbxd5 14. Nxd5 Nxd5 15. Bxb4 g5 16. Qe1 Ne3 17. Rd2 Bd5 18. Qf2 Qa4 19. a3 a5 20. Nc3 Qc6 21. Qxe3 axb4 22. axb4 1-0

[Event "POL-chT 59th"]
[Site "Lubniewice"]
[Date "2003.09.05"]
[Round "7"]
[White "Sendera, Jaroslaw"]
[Black "Bobras, Piotr"]
[Result "1/2-1/2"]
[WhiteElo "2358"]
[BlackElo "2462"]
[PlyCount "33"]
[EventDate "2003.08.30"]
[EventType "team-tourn"]
[EventRounds "9"]
[EventCountry "POL"]
[SourceTitle "EXT 2019"]
[Source "ChessBase"]
[SourceDate "2018.10.10"]
[SourceVersion "1"]
[SourceVersionDate "2018.10.10"]
[SourceQuality "1"]
[WhiteTeam "Rzeszow Zelmer"]
[BlackTeam "Jaworzno JKSz MCKiS"]
[WhiteTeamCountry "POL"]
[BlackTeamCountry "POL"]

1. e4 c5 2. Nf3 d6 3. Bb5+ Bd7 4. Bxd7+ Qxd7 5. c4 Nc6 6. d4 cxd4 7. Nxd4 Nf6 8. Nc3 g6 9. f3 Bg7 10. Be3 0-0 11. 0-0 e6 12. Rc1 Ne5 13. b3 d5 14. exd5 exd5 15. c5 Rfe8 16. Qd2 a6 17. Rfd1 1/2-1/2

[Event "POL-chT 59th"]
[Site "Lubniewice"]
[Date "2003.09.01"]
[Round "3"]
[White "Sendera, Jaroslaw"]
[Black "Kempinski, Robert"]
[Result "0-1"]
[WhiteElo "2358"]
[BlackElo "2565"]
[PlyCount "108"]
[EventDate "2003.08.30"]
[EventType "team-tourn"]
[EventRounds "9"]
[EventCountry "POL"]
[SourceTitle "EXT 2019"]
[Source "ChessBase"]
[SourceDate "2018.10.10"]
[SourceVersion "1"]
[SourceVersionDate "2018.10.10"]
[SourceQuality "1"]
[WhiteTeam "Rzeszow Zelmer"]
[BlackTeam "Warszawa Polonia"]
[WhiteTeamCountry "POL"]
[BlackTeamCountry "POL"]

1. e4 c5 2. Nf3 d6 3. Bb5+ Nd7 4. d4 Ngf6 5. Nc3 a6 6. Bxd7+ Nxd7 7. 0-0 cxd4 8. Qxd4 Qb6 9. Nd5 Qxd4 10. Nxd4 Rb8 11. f3 e6 12. Ne3 Ne5 13. b3 Be7 14. Rd1 0-0 15. c4 Bd7 16. Bb2 b5 17. Rac1 Rfc8 18. cxb5 axb5 19. a3 Rxc1 20. Bxc1 Rc8 21. Kf1 Nd3 22. Rxd3 Rxc1+ 23. Rd1 Rc8 24. Ke2 g6 25. Kd3 f5 26. Ne2 Bf6 27. Rd2 Kf7 28. Rc2 Ra8 29. Ra2 h5 30. h3 Be5 31. Nd4 Ke7 32. Ne2 Be8 33. Nd4 Bd7 34. Ne2 Bc6 35. Nd4 fxe4+ 36. fxe4 Bxd4 37. Kxd4 Rf8 38. Nd1 Rf1 39. Nc3 h4 40. b4 g5 41. a4 bxa4 42. b5 Bd7 43. b6 Bc6 44. Nxa4 Rd1+ 45. Kc4 Rb1 46. Nb2 Bxe4 47. Kc3 Bxg2 48. Ra7+ Kf6 49. b7 Bxb7 50. Rxb7 Rh1 51. Nd3 Rxh3 52. Kd2 Rg3 53. Rb6 h3 54. Nf2 d5 0-1

[Event "POL-chT 58th"]
[Site "Lubniewice"]
[Date "2002.09.07"]
[Round "8"]
[White "Jakubiec, Artur"]
[Black "Sendera, Jaroslaw"]
[Result "1/2-1/2"]
[WhiteElo "2525"]
[BlackElo "2365"]
[PlyCount "109"]
[EventDate "2002.08.31"]
[EventType "team-tourn"]
[EventRounds "9"]
[EventCountry "POL"]
[SourceTitle "EXT 2019"]
[Source "ChessBase"]
[SourceDate "2018.10.10"]
[SourceVersion "1"]
[SourceVersionDate "2018.10.10"]
[SourceQuality "1"]
[WhiteTeam "Plock PTSz"]
[BlackTeam "Rzeszow Zelmer"]
[WhiteTeamCountry "POL"]
[BlackTeamCountry "POL"]

1. e4 c5 2. c3 Nf6 3. e5 Nd5 4. g3 d6 5. exd6 e6 6. Bg2 Bxd6 7. Nf3 Nc6 8. 0-0 0-0 9. d3 b6 10. Nbd2 Bb7 11. Nc4 Be7 12. a4 Qc7 13. Qb3 Rfd8 14. Re1 h6 15. Bd2 Bf8 16. Red1 Rd7 17. Re1 Rdd8 18. Rac1 Rac8 19. h4 Rb8 20. Nh2 Na5 21. Nxa5 bxa5 22. Qc2 Nf6 23. Bxb7 Qxb7 24. Rb1 Qb3 25. Qxb3 Rxb3 26. c4 Rdxd3 27. Bxa5 Nd7 28. Nf1 Nb6 29. Nd2 Nxa4 30. Nxb3 Rxb3 31. Re3 Rxb2 32. Ra1 Nb6 33. Bxb6 axb6 34. Ra8 Rd2 35. Rb8 g5 36. hxg5 hxg5 37. Re5 Kg7 38. Rxg5+ Kf6 39. Rg4 Bd6 40. Rxb6 Be5 41. Rb7 Kf5 42. Rh4 f6 43. Rg7 Bd4 44. Rf4+ Ke5 45. Rg6 f5 46. Rf3 Rc2 47. Kg2 Rxc4 48. g4 fxg4 49. Rxg4 Rc2 50. Rf8 Kd5 51. Kg3 e5 52. f3 Kc4 53. Re8 Kd3 54. Re4 Re2 55. Rxe2 1/2-1/2

[Event "POL-chT 58th"]
[Site "Lubniewice"]
[Date "2002.09.04"]
[Round "5"]
[White "Sendera, Jaroslaw"]
[Black "Antoniewski, Rafal"]
[Result "1/2-1/2"]
[WhiteElo "2365"]
[BlackElo "2465"]
[PlyCount "54"]
[EventDate "2002.08.31"]
[EventType "team-tourn"]
[EventRounds "9"]
[EventCountry "POL"]
[SourceTitle "EXT 2019"]
[Source "ChessBase"]
[SourceDate "2018.10.10"]
[SourceVersion "1"]
[SourceVersionDate "2018.10.10"]
[SourceQuality "1"]
[WhiteTeam "Rzeszow Zelmer"]
[BlackTeam "Lublin UMCS"]
[WhiteTeamCountry "POL"]
[BlackTeamCountry "POL"]

1. e4 c5 2. Nf3 d6 3. Bb5+ Nc6 4. 0-0 Bd7 5. Re1 Nf6 6. h3 a6 7. Bf1 g6 8. c3 Bg7 9. d4 cxd4 10. cxd4 e5 11. Nc3 0-0 12. dxe5 dxe5 13. Bg5 h6 14. Bxf6 Bxf6 15. Qd2 Bg7 16. Nd5 Be6 17. Red1 f5 18. Qe3 fxe4 19. Qxe4 Bf5 20. Qe3 Rb8 21. Nb4 Qf6 22. Nxc6 bxc6 23. b3 a5 24. Rac1 Kh8 25. Be2 Rb4 26. Rc4 Rb5 27. Rdc1 c5 1/2-1/2

[Event "POL-chT2 South"]
[Site "Ustron"]
[Date "2001.09.??"]
[Round "?"]
[White "Sendera, Jaroslaw"]
[Black "Krogulski, Grzegorz"]
[Result "1-0"]
[WhiteElo "2383"]
[BlackElo "2228"]
[PlyCount "26"]
[EventDate "2001.09.14"]
[EventType "team-swiss"]
[EventRounds "10"]
[EventCountry "POL"]
[SourceTitle "EXT 2019"]
[Source "ChessBase"]
[SourceDate "2018.10.10"]
[SourceVersion "1"]
[SourceVersionDate "2018.10.10"]
[SourceQuality "1"]

1. e4 d5 2. exd5 Nf6 3. d4 Nxd5 4. Nf3 g6 5. c4 Nb6 6. Nc3 Bg7 7. c5 N6d7 8. Bc4 0-0 9. 0-0 c6 10. Re1 b6 11. Bg5 Re8 12. Qb3 Rf8 13. Bxe7 Qe8 1-0

[Event "Rzeszow Zelmer-ch"]
[Site "Rzeszow"]
[Date "2000.08.18"]
[Round "3.3"]
[White "Koziak, Vitali"]
[Black "Sendera, Jaroslaw"]
[Result "1-0"]
[WhiteElo "2449"]
[BlackElo "2391"]
[PlyCount "93"]
[EventDate "2000.08.24"]
[EventType "tourn"]
[EventRounds "9"]
[EventCountry "POL"]
[EventCategory "1"]
[SourceTitle "EXT 2005"]
[Source "ChessBase"]
[SourceDate "2004.11.15"]
[SourceVersion "1"]
[SourceVersionDate "2004.11.15"]
[SourceQuality "1"]

1. c4 Nf6 2. d4 g6 3. Nc3 Bg7 4. e4 d6 5. Nf3 0-0 6. Be2 Nbd7 7. 0-0 e5 8. Be3 Re8 9. d5 Nh5 10. g3 Bf8 11. Ng5 Ndf6 12. Re1 h6 13. Nf3 Bh3 14. Nh4 Qd7 15. Rc1 Kh7 16. c5 dxc5 17. Bb5 c6 18. dxc6 bxc6 19. Qxd7 Bxd7 20. Bc4 Be6 21. Bxe6 Rxe6 22. f3 Nd7 23. Na4 Nhf6 24. Re2 Rb8 25. b3 c4 26. Rxc4 Nb6 27. Nxb6 axb6 28. Rd2 b5 29. Rcc2 Kg7 30. Ng2 Bb4 31. Rd1 Ra8 32. Ne1 Nh7 33. Nd3 Rd6 34. Kf1 f6 35. Ke2 Ba3 36. b4 Ng5 37. h4 Ne6 38. Rb1 Ra4 39. Rb3 Nd4+ 40. Bxd4 Rxd4 41. Nc5 Rc4 42. Rxc4 bxc4 43. Rc3 Ra7 44. Rxc4 Bb2 45. a4 Kf7 46. a5 Ke7 47. Nd3 1-0